ELOGIO DEL PUDOR /

TRADUCCION DE: ELOGIO DEL PUDORE

Uloženo v:
Podrobná bibliografie
Hlavní autor: Lago, Alessandro Dal (autor)
Další autoři: Rovatti, Pier Aldo (autor) (autor)
Médium: Kniha
Edice:PAIDOS STUDIO ; 84
Témata:
Tagy: Přidat tag
Žádné tagy, Buďte první, kdo vytvoří štítek k tomuto záznamu!

MARC

LEADER 00000nam^a2200000^a^4500
001 000245224
005 20250521000000.0
009 20260310105452.218
020 |a 84-7509-711-1 
035 |a 069712 
037 |a Acervo Xavier Clavigero 
082 |a 121. LAG 
100 |a Lago, Alessandro Dal  |e (autor) 
245 1 0 |a ELOGIO DEL PUDOR /  |c ALESSANDRO DAL LAGO, PIER ALDO ROVATTI ; TR. PEDRO ARAGON RINCON 
264 |a BARCELONA :  |b PAIDOS,  |c 1991 
300 |a 192 p. 
336 |a texto  |b txt  |2 rdacontenido 
337 |a sin mediación  |b n  |2 rdamedio 
338 |a volumen  |b nc  |2 rdasoporte 
440 |a PAIDOS STUDIO ;  |v 84 
520 |a TRADUCCION DE: ELOGIO DEL PUDORE 
649 |a XX 
650 |a Epistemología 
650 |a PENSAMIENTO. 
650 |a Heidegger, Martin 
700 |a Rovatti, Pier Aldo  |e (autor) 
910 |a Fondo General 
920 |a Impresos - Libros 
930 |a Colección General 
905 |a 101 
901 |a 069712  |b IT1  |c ACC  |i 069712  |u 20250521 
902 |a https://opac.biblio.iteso.mx/vufind/Record/000245224